Statistieken voor Seychellen Trivia Quiz

Klik hier om de quiz te nemen!

Algemene statistieken

  • Deze quiz is 169 keer genomen
  • De gemiddelde score is 12 van 17

Antwoordstatistieken

HintAntwoord% Correct
Oceaan waar de Seychellen in liggen{Indische} Oceaan
100%
Officiële talenEngels
97%
Eilandland dat het dichtst bij de Seychellen ligtMadagaskar
95%
Officiële talenFrans
94%
Het is ook het _____ land in Afrika met slechts 459 vierkante kilometerkleinste
91%
Populatie van de Seychellen in het jaar 17000
87%
HoofdstadVictoria
86%
Per hoofd is de Seychellen het _____ land in Afrikarijkste
82%
Ontdekkingsreiziger die de Seychellen heeft waargenomen (maar niet is gestopt) in 1503Vasco da Gama
70%
Officiële talenSeychellencreools
64%
Op de Seychellen leeft 's werelds grootste populatie van deze reptielen, die meer dan 250 kg wegenReuzen{schildpad}
55%
Voedselproduct dat goed is voor 82% van de exportVis
53%
De coco de mer, endemisch op de Seychellen, is de plant die 's werelds zwaarste _____ produceert, tot 30 kg in gewichtZaden
50%
Officiële valutaRoepie
49%
43 huurlingen uit dit land pleegden in 1981 een poging tot staatsgreepZuid-Afrika
46%
Grootste eiland van de SeychellenMahé
45%
"Welwillende dictator" die de Seychellen leidde van 1977 tot 2004France-Albert René
35%

Scoreverdeling

Percentiel versus Aantal Correcte Antwoorden

Procent van Mensen met Elke Score

Uw Scoregeschiedenis

U heeft deze quiz nog niet genomen